000 00469nam a2200157Ia 4500
001 62367
008 170828n ii |||gr||||Z||||||465
082 _a121
100 _aHughes, Fiona,
_eAuthor.
245 0 _aKnants critique of aesthetic judgement: a readers guide
_cby Fiona Hughes
_hTextual Documents
260 _aNew York
_bContinuum International Publishing
300 _aviii, 196p:
_c21cm.
653 _aPhilosophy
653 _aMS-Philosophy
942 _2ddc
_cBK
999 _c63474
_d63474